| 000 | 01474nam a2200229Ii 4500 | ||
|---|---|---|---|
| 003 | JO-AjNU | ||
| 005 | 20240623134419.0 | ||
| 008 | 230605s9999||||xx |||||||||||||| ||und|| | ||
| 040 |
_aJO-AjNU _bara _erda _cJO-AjNU |
||
| 041 | _aara | ||
| 050 | 1 | 4 | _aBP144 2015 |
| 100 |
_aالغراغير، يوسف ابراهيم احمد _eمعد _965477 |
||
| 245 | 0 | 0 | _aمجرى الانهر على ملتقى الابحر للامام نور الدين محمود بن بركات بن محمد الباقاني(ت974)-دراسة وتحقيق- من مقدمة المخطوط الى نهاية كتاب الصلاة=The course of the rivers on the Forum Abhar The imam of Nur al-Din bin Mahmoud bin Mohammed Barakat Albaghani -Study and investigation- Introduction of the manuscript to the end of the prayer book |
| 264 | 3 | 1 | _aعمان: جامعة العلوم الاسلامية،كلية الدراسات العليا قسم الفقه واصوله، 2015 |
| 300 |
_a313ص _bرسالة جامعية (دكتوراة في تخصص الفقه واصوله)--جامعة العلوم الاسلامية العالمية، كلية الدراسات العليا، عمان)، 2015، يشتمل على ببلوغرافيا |
||
| 336 |
_atext _btxt _2rdacontent |
||
| 337 |
_aunmediated _bn _2rdamedia |
||
| 338 |
_avolume _bnc _2rdacarrier |
||
| 650 | 4 |
_aالفقه الاسلامي _957834 |
|
| 700 |
_aالزيادات، عماد عبد الحفيظ _965478 _eمشرف |
||
| 942 |
_2lcc _cTHS |
||
| 999 |
_c29508 _d29508 |
||